Fifine la petite grenouille (Registro nro. 13363)

Detalles MARC
000 -LIDER
fixed length control field 00487nam a22001697a 4500
003 - IDENTIFICACDOR DE NÚMERO DE CONTROL
control field DO-SdBNP
005 - DATE AND TIME OF LATEST TRANSACTION
control field 20180417091235.0
008 - ELEMENTOS DE LONGITUD FIJA
fixed length control field 180417b fr||||| |||| 00| 0 fra d
040 ## - FUENTE DE CATALOGACIÓN
Agencia que crea de manera original el registro BPMSU
Idioma de catalogación fra
Agencia que realiza la transcripción BPMSU
100 ## - ASIENTO PRINCIPAL -- NOMBRE PERSONAL
Nombre personal Duterval, Pascal
245 ## - MENCIÓN DE TITULO
Título Fifine la petite grenouille
Mención de responsabilidad Pascal Duterval , Marie Michele Raymond
260 ## - PUBLICACIÓN, DISTRIBUCIÓN, ETC. (PIE DE IMPRENTA)
Lugar de publicación, distribución, etc [s.l]
Nombre del editor, distribuidor, etc. Hachette - Deschamps
Fecha de publicación, distribución, etc [1900?]
300 ## - DESCRIPCIÓN FÍSICA
Extensión 21 p.
Otros detalles físicos il.
Dimensiones 20cm
942 ## - ADDED ENTRY ELEMENTS (KOHA)
Source of classification or shelving scheme Dewey Decimal Classification
Koha item type Libros
945 ## - INFORMACIÓN DE PROCESAMIENTO LOCAL
Información de procesamiento local inventariado, 2018 / dg
956 ## - LOCAL ELECTRONIC LOCATION AND ACCESS (OCLC)
Nombre de host dgarcia
Número de acceso 10
Existencias
Withdrawn status Lost status Source of classification or shelving scheme Damaged status Not for loan Collection code Home library Current library Date acquired Source of acquisition Total Checkouts Barcode Date last seen Price effective from Koha item type
    Dewey Decimal Classification     Colección Infantil General Biblioteca Pública Metropolitana Salomé Ureña Biblioteca Pública Metropolitana Salomé Ureña 04/17/2018 Donado   BPMSU18040019 04/17/2018 04/17/2018 Libros